000 01215cam a2200349 a 4500
001 2487
003 FISKH
005 20250709114502.0
008 990428s2000 nyua c 000 1 eng
010 _a 99027262
020 _a0060283149 (lib. bdg.)
020 _a0064407683 (pbk.)
020 _a0439272629
040 _aDLC
_cDLC
_dDLC
_beng
042 _alcac
050 0 0 _aPZ7.S6795
_bWi 2000
082 0 0 _a[Fic]
_221
100 1 _aSnicket, Lemony.
245 1 4 _aThe wide window /
_cby Lemony Snicket ; illustrations by Brett Helquist.
250 _aFirst Scholastic printing, January 2001
260 _aNew York :
_bScholastic,
_c2000.
300 _a214 pages :
_billustrations ;
_c20 cm
490 1 _aSeries of unfortunate events ;
_vBook 3
520 _aCatastrophes and misfortune continue to plague the Baudelaire orphans after being sent to live with fearful Aunt Josephine, who offers little protection against Count Olaf's treachery.
521 8 _a980
_bLexile
650 1 _aOrphans
_vFiction.
650 1 _aSiblings
_vFiction.
650 1 _aHumorous stories.
700 1 _aHelquist, Brett,
_eillustrator
906 _a7
_bcbc
_corignew
_d1
_eocip
_f19
_gy-gencatlg
942 _2ddc
_cBK
_n0
999 _c2487
_d2487